Entry Nombre personal
001 - NÚMERO DE CONTROL
- campo de control: 33147
003 - IDENTIFICADOR DE NÚMERO DE CONTROL
- campo de control: SpMaBN
005 - FECHA Y HORA DE LA ÚLTIMA TRANSACCIÓN
- campo de control: 20231227161438.0
008 - ELEMENTOS DE DATO DE LONGITUD-FIJA
- campo de control de longitud fija: 901120nn aijnnaabn n aaa
016 ## - NÚMERO DE CONTROL DE UNA AGENCIA BIBLIOGRÁFICA NACIONAL
- Número de control del registro: BNE19900007939
024 7# - IDENTIFICADOR DE OTROS ESTÁNDARES
- Número estándar o código: http://viaf.org/viaf/87649599/
- Fuente: viaf
024 8# - IDENTIFICADOR DE OTROS ESTÁNDARES
- Número estándar o código: https://data.cervantesvirtual.com/person/44730
024 7# - IDENTIFICADOR DE OTROS ESTÁNDARES
- Número estándar o código: https://isni.org/isni/0000000060785656
- Fuente: isni
024 7# - IDENTIFICADOR DE OTROS ESTÁNDARES
- Número estándar o código: http://www.wikidata.org/entity/Q3327534
- Fuente: wikidata
040 ## - FUENTE DE CATALOGACIÓN
- Centro catalogador/agencia de origen: SpMaBN
- Lengua de catalogación: spa
- Centro/agencia transcriptor: SpMaBN
- Normas de descripción: rdc
- Convención/Normas de encabezamiento de materia/tesauro: embne
046 ## - FECHAS CON CODIFICACIÓN ESPECIAL
- Fecha de nacimiento: 1923
- Fecha de la muerte: 1991
100 1# - ENCABEZAMIENTO-NOMBRE DE PERSONA
- Nombre de persona: Cabanillas Gallas, Pío,
- Fechas asociadas al nombre: 1923-1991
370 ## - LUGAR ASOCIADO
- Lugar de nacimiento: Pontevedra
- Número de control del registro de autoridad o número normalizado: XX451844
- Fuente de información: Wikidata
373 ## - GRUPO ASOCIADO
- Grupo asociado: Real Academia de Jurisprudencia y Legislación
- Fuente de información: Wikidata
373 ## - GRUPO ASOCIADO
- Grupo asociado: Ateneo de Madrid
- Fuente de información: Socios de mérito y honor del Ateneo de Madrid (1946-1976)
374 ## - OCUPACIÓN
- Ocupación: Jurista
- Ocupación: Politicos
- Fuente de información: Wikidata
375 ## - GÉNERO/SEXO
- Género: Masculino
377 ## - IDIOMA ASOCIADO
- Término de lengua/lenguaje: Español
670 ## - FUENTE DE DATOS ENCONTRADOS
- Cita de la fuente: Pregón del día del libro, 1974
670 ## - FUENTE DE DATOS ENCONTRADOS
- Cita de la fuente: WWW Wikipedia, 3-5-2018
- Información encontrada: (Pío Cabanillas Gallas, Pontevedra, 13-11-1923 -- Madrid, 10-10-1991, notario y político, fue ministro en 1974 y 1981-1982)
- Identificador Uniforme de Recursos: https://es.wikipedia.org/wiki/P%C3%ADo_Cabanillas
678 ## - DATOS BIOGRÁFICOS O HISTÓRICOS
- Datos biográficos o históricos: Socio de honor del Ateneo de Madrid n. 32 (1974)
- Ampliación de la nota: Fuente: Socios de mérito y honor del Ateneo de Madrid (1946-1976)
